Medicinal Plants And Herbs Of India/ (Record no. 189507)

MARC details
000 -LEADER
fixed length control field 00544nam a22001817a 4500
005 - DATE AND TIME OF LATEST TRANSACTION
control field 20220906104907.0
010 ## - LCCN (DPL NO)
LC control number B-745484
020 ## - INTERNATIONAL STANDARD BOOK NUMBER
International Standard Book Number 8188585106
Terms of availability 495.00
035 ## - SYSTEM CONTROL NUMBER
System control number B-745484
037 ## - SOURCE OF ACQUISITION
Source of stock number/acquisition Navyug Sahitya
100 ## - MAIN ENTRY--PERSONAL NAME
Personal name Sharma, Seema
245 ## - TITLE STATEMENT
Title Medicinal Plants And Herbs Of India/
Statement of responsibility, etc Seema Sharma
250 ## - EDITION STATEMENT
Edition statement 1st
260 ## - PUBLICATION, DISTRIBUTION, ETC. (IMPRINT)
Place of publication, distribution, etc Delhi
Name of publisher, distributor, etc Navyug Sahitya
Date of publication, distribution, etc 2021
270 ## - ADDRESS
Address House No.518,Block No.6A,Gali No.1,Karkari Road
City Delhi
Postal code 110032
300 ## - PHYSICAL DESCRIPTION
Extent 167p.
Dimensions 22cm(Hbk)
942 ## - ADDED ENTRY ELEMENTS (KOHA)
Source of classification or shelving scheme Dewey Decimal Classification
Item type English Books
Edition 2021
Call number suffix SHA
Classification part 581.6340954
Holdings
Withdrawn status Lost status Not for loan Collection code Home library Current library Date acquired Source of acquisition Cost, normal purchase price Full call number Barcode Copy number Cost, replacement price Koha item type Public note
      Non-fiction Kadipur Kadipur 06/09/2022 06.09.2022/ Gift 495.00 581.6340954 SHA B-745484 1 495.00 English Books Gift

© Delhi Public Library
Hit Counter
free hit counter